| 000 | 03973cam a22007574i 4500 | ||
|---|---|---|---|
| 003 | PE-LiUPU | ||
| 005 | 20250731170456.0 | ||
| 008 | 150706s2008 sp a rb 000 0 spa d | ||
| 020 | _a9788497566001 | ||
| 035 | _a(Sirsi) i9788497566001 | ||
| 040 |
_aPE-LiUPU _bspa _cPE-LiUPU _erda |
||
| 049 | _aPRUA | ||
| 082 | 0 | 4 |
_a153.153 2 _bF91 _221 |
| 100 | 1 |
_aFuentes Melero, Luis J., _eautor. |
|
| 245 | 1 | 0 |
_aManual de psicología de la atención : _buna perspectiva neurocientífica / _cLuis J. Fuentes Melero y Julia García Sevilla. |
| 264 | 1 |
_aMadrid : _bSíntesis, _c[2008] . |
|
| 300 |
_a206 páginas : _bilustraciones ; _c23 centímetros. |
||
| 336 |
_atext _2rdacontent |
||
| 337 |
_aunmediated _2rdamedia |
||
| 338 |
_avolume _2rdacarrier |
||
| 490 | 0 |
_aBiblioteca de psicología ; _v4 |
|
| 504 | _aIncluye bibliografía. | ||
| 505 | 0 | _aLas primeras concepciones científicas sobre la atención -- La atención en la psicología del procesamiento de información -- Construyendo teorías neuronales de la mente -- El sistema atencional -- Arquitectura neurofuncional del sistema atencional -- Interacción entre las redes atencionales -- Patología de la atención: evaluación y rehabilitación -- Neurociencia cognitiva de la atención e integración. | |
| 526 | _aSEG68 | ||
| 526 | _aSEG70 | ||
| 526 | _aSEG69 | ||
| 526 | _aSEG67 | ||
| 526 | _aSEG43 | ||
| 526 | _aP144 | ||
| 526 | _aP143 | ||
| 526 | _aP131 | ||
| 526 | _aP122 | ||
| 526 | _aP120 | ||
| 526 | _aP117 | ||
| 526 | _aP112 | ||
| 526 | _aP110 | ||
| 526 | _aP106 | ||
| 526 | _aP101 | ||
| 526 | _aP80 | ||
| 526 | _aP59 | ||
| 526 | _aP54 | ||
| 526 | _aP35 | ||
| 526 | _aP33 | ||
| 526 | _aP30 | ||
| 541 | _g001-0037437; | ||
| 541 | _g001-0037437; | ||
| 541 | _g001-004535; | ||
| 541 | _g001-004535; | ||
| 541 | _g001-004535; | ||
| 650 | 0 | 4 | _aAtención. |
| 700 | 1 |
_aGarcía Sevilla, Julia , _eaut. |
|
| 910 |
_agl _cng _d20130701 |
||
| 942 |
_2ddc _cBOOK |
||
| 949 |
_a153.153 2 F91 _wDEWEY _c1 _i67789 _lCCODEBUL1 _mBUL _p29.00 _r0 _sY _tBOOK _u2015-7-6 _xSALUD _PP33 _o.STAFF. Colección General |
||
| 949 |
_a159.952 F91 _wDEWEY _c2 _i67790 _lCCODEBUL1 _mBUL _p29.00 _r0 _sY _tBOOK _u2015-7-6 _xSALUD _PP33 _o.STAFF. Colección General |
||
| 949 |
_a159.952 F91 _wDEWEY _c3 _i68980 _lCCODEBUL1 _mBUL _p58.00 _r0 _sY _tBOOK _u2015-7-6 _xSALUD _PP33 _o.STAFF. Colección General |
||
| 949 |
_a159.952 F91 _wDEWEY _c4 _i68981 _lCCODEBUL1 _mBUL _p58.00 _r0 _sY _tBOOK _u2015-7-6 _xSALUD _PP33 _o.STAFF. Colección General |
||
| 949 |
_a159.952 F91 _wDEWEY _c5 _i68982 _lCCODEBUL1 _mBUL _p58.00 _r0 _sY _tBOOK _u2015-7-6 _xSALUD _PP33 _o.STAFF. Colección General |
||
| 994 |
_aC0 _bPEPRU |
||
| 596 | _a1 | ||
| 999 |
_a153.153 2 F91 _wDEWEY _c55322 _i67789 _d55322 _e2018-8-27 _f2021-11-3 _g5 _lCCODEBUL1 _mBUL _n4 _p29.00 _q1 _r0 _sY _tBOOK _u2015-7-6 _xSALUD _PP33 _0COMPRA _o.STAFF. Colección Ciencias de la Salud |
||
| 999 |
_a159.952 F91 _wDEWEY _c2 _i67790 _d2017-8-31 _e2017-8-28 _f2021-11-3 _g5 _lCCODEBUL1 _mBUL _n2 _p29.00 _r0 _sY _tBOOK _u2015-7-6 _xSALUD _PP33 _0COMPRA _o.STAFF. Colección Ciencias de la Salud |
||
| 999 |
_a159.952 F91 _wDEWEY _c3 _i68980 _d2017-8-31 _e2017-8-28 _f2021-11-3 _g5 _lCCODEBUL1 _mBUL _n1 _p58.00 _r0 _sY _tBOOK _u2015-7-6 _xSALUD _PP33 _0COMPRA _o.STAFF. Colección Ciencias de la Salud |
||
| 999 |
_a159.952 F91 _wDEWEY _c4 _i68981 _d2018-5-23 _e2018-5-21 _f2021-11-3 _g5 _lCCODEBUL1 _mBUL _n3 _p58.00 _r0 _sY _tBOOK _u2015-7-6 _xSALUD _PP33 _0COMPRA _o.STAFF. Colección Ciencias de la Salud |
||
| 999 |
_a159.952 F91 _wDEWEY _c5 _i68982 _d2018-10-30 _e2018-8-27 _f2021-11-3 _g5 _lCCODEBUL1 _mBUL _n6 _p58.00 _q1 _r0 _sY _tBOOK _u2015-7-6 _xSALUD _PP33 _0COMPRA _o.STAFF. Colección Ciencias de la Salud |
||
| 980 |
_81 _gALBERTO SANCHEZ Responsable de Automatización |
||